Principios elementales y fundamentales de filosofía / (Record no. 126661)

MARC details
000 -LEADER
campo de control de longitud fija 01439cam a2200301 4500
001 - NÚMERO DE CONTROL
campo de control 7520
003 - IDENTIFICADOR DE NÚMERO DE CONTROL
campo de control BJBSDDR
005 - FECHA Y HORA DE LA ÚLTIMA TRANSACCIÓN
campo de control 20260320143251.0
007 - CAMPO FIJO DE DESCRIPCIÓN FÍSICA--INFORMACIÓN GENERAL
campo de control de longitud fija ta
008 - DATOS DE LONGITUD FIJA--INFORMACIÓN GENERAL
campo de control de longitud fija 260320n2023 sp spa
020 ## - NÚMERO INTERNACIONAL ESTÁNDAR DEL LIBRO
Número Internacional Estándar del Libro 9786078898053
020 ## - NÚMERO INTERNACIONAL ESTÁNDAR DEL LIBRO
Número Internacional Estándar del Libro 6078898051
040 ## - FUENTE DE CATALOGACIÓN
Lengua de catalogación spa
Centro/agencia transcriptor BJBSDDR
041 ## - CÓDIGO DE IDIOMA
Código de lengua del texto/banda sonora o título independiente spa
050 14 - SIGNATURA TOPOGRÁFICA DE LA BIBLIOTECA DEL CONGRESO
Número de ítem P769p 2023
100 1# - ENTRADA PRINCIPAL--NOMBRE DE PERSONA
Nombre de persona Politzer, Georges,
Fechas asociadas al nombre 1903-1942
9 (RLIN) 47632
245 10 - MENCIÓN DEL TÍTULO
Título Principios elementales y fundamentales de filosofía /
Mención de responsabilidad, etc. Georges Politzer ; prologo de Atilio A. Boron.
260 ## - PUBLICACIÓN, DISTRIBUCIÓN, ETC.
Lugar de publicación, distribución, etc. Madrid :
Nombre del editor, distribuidor, etc. Akal Ediciones,
Fecha de publicación, distribución, etc. 2023.
300 ## - DESCRIPCIÓN FÍSICA
Extensión 282 páginas ;
Dimensiones 22 cm
520 ## - RESUMEN, ETC.
Sumario, etc. Si hay una corriente de pensamiento que, en pos de la emancipación humana, se haya afanado por socavar los cimientos del mundo moderno y subvertirlo, esa es sin duda la que bebe en la obra de Marx. Sin embargo, la asombrosa fecundidad de los desarrollos teóricos que se inspiran en ella no se ha visto acompañada por una pareja floración de textos básicos o introducciones; de obras que, en suma, acerquen de forma concisa y eminentemente didáctica los fundamentos de la filosofía materialista y dialéctica a un público más amplio.
650 #0 - PUNTO DE ACCESO ADICIONAL DE MATERIA--TÉRMINO DE MATERIA
Término de materia o nombre geográfico como elemento de entrada Philosophy
Subdivisión general Study and teaching.
650 #4 - PUNTO DE ACCESO ADICIONAL DE MATERIA--TÉRMINO DE MATERIA
Término de materia o nombre geográfico como elemento de entrada Filosofía - Enseñanza.
650 #0 - PUNTO DE ACCESO ADICIONAL DE MATERIA--TÉRMINO DE MATERIA
Término de materia o nombre geográfico como elemento de entrada Communism and education.
650 #4 - PUNTO DE ACCESO ADICIONAL DE MATERIA--TÉRMINO DE MATERIA
Término de materia o nombre geográfico como elemento de entrada Comunismo y educación.
700 1# - ENTRADA AGREGADA--NOMBRE PERSONAL
Nombre de persona Borón, Atilio A.
Forma completa/desarrollada del nombre (Atilio Alberto),
Fechas asociadas al nombre 1943-
9 (RLIN) 9553
Títulos y otros términos asociados al nombre prologuista.
942 ## - ELEMENTOS DE ENTRADA SECUNDARIOS (KOHA)
Fuente del sistema de clasificación o colocación Clasificación de Library of Congress
Tipo de ítem Koha Libro
946 ## - PROCESAMIENTO DE INFORMACIÓN LOCAL (OCLC)
Iniciales del agente catalogador rmza
Holdings
Estatus retirado Estado de pérdida Fuente del sistema de clasificación o colocación Estado de daño No para préstamo Colección Biblioteca de origen Biblioteca actual Ubicación en estantería Fecha de adquisición Signatura topográfica completa Código de barras Visto por última vez Copia número Tipo de ítem Koha
    Clasificación de Library of Congress     Automatización y Procesos Técnicos Biblioteca Juan Bosch Biblioteca Juan Bosch Automatización y Procesos Técnicos (1er. Piso) 20/03/2026 P769p 2023 00000183810 20/03/2026 1 Libro